<?xml version="1.0" encoding="UTF-8"?>
<record
    xmlns:xsi="http://www.w3.org/2001/XMLSchema-instance"
    xsi:schemaLocation="http://www.loc.gov/MARC21/slim http://www.loc.gov/standards/marcxml/schema/MARC21slim.xsd"
    xmlns="http://www.loc.gov/MARC21/slim">

  <leader>02706agaaa2200325   4500</leader>
  <controlfield tag="001">6150</controlfield>
  <controlfield tag="003">IT-RoPAU</controlfield>
  <controlfield tag="005">20220918181247.0</controlfield>
  <controlfield tag="007">d cvaizq</controlfield>
  <controlfield tag="008">50131s9999||||xx ||| |     ||   ||und||</controlfield>
  <datafield tag="040" ind1=" " ind2=" ">
    <subfield code="a">IT-RoPAU</subfield>
    <subfield code="c">IT-RoPAU</subfield>
  </datafield>
  <datafield tag="041" ind1=" " ind2=" ">
    <subfield code="a">ITALIANO</subfield>
  </datafield>
  <datafield tag="100" ind1=" " ind2=" ">
    <subfield code="a">Comencini Luigi</subfield>
    <subfield code="g">Codice regista SPICS: 7883</subfield>
    <subfield code="9">47607</subfield>
  </datafield>
  <datafield tag="130" ind1=" " ind2=" ">
    <subfield code="a">PROIBITO RUBARE</subfield>
    <subfield code="9">47608</subfield>
  </datafield>
  <datafield tag="245" ind1=" " ind2=" ">
    <subfield code="a">PROIBITO RUBARE</subfield>
    <subfield code="c">Prodotto da: Ponti C. Martello G. -- Sceneggiatura: Buzzi Aldo Cecchi D'Amico Suso Comencini Luigi Curcio Armando -- Diretto da: Comencini Luigi</subfield>
    <subfield code="p">PROIBITO RUBARE (Rif. Codice opera principale : 26150)</subfield>
  </datafield>
  <datafield tag="250" ind1=" " ind2=" ">
    <subfield code="a">Edizione Standard</subfield>
  </datafield>
  <datafield tag="260" ind1=" " ind2=" ">
    <subfield code="a">(ITALIA)</subfield>
    <subfield code="b">LUX FILM / Distribuzione: RAI</subfield>
    <subfield code="g">"1949 (1&#xB0; ed.: 1984 ; Ed. Lingua Orig.: 1949)"</subfield>
  </datafield>
  <datafield tag="300" ind1=" " ind2=" ">
    <subfield code="a">VHS</subfield>
    <subfield code="b">sonoro, b&amp;w</subfield>
  </datafield>
  <datafield tag="508" ind1=" " ind2=" ">
    <subfield code="a">"Fotografia: Tonti Aldo; Montaggio: Novelli Adriana; Musica: Rota Nino; Sceneggiatura: Buzzi Aldo Cecchi D'Amico Suso Comencini Luigi Curcio Armando; Soggetto: Cecchi D'Amico Suso -- Comencini Luigi"</subfield>
  </datafield>
  <datafield tag="511" ind1=" " ind2=" ">
    <subfield code="a">"Celi Adolfo; Pica Tinarusso Mario; Dermastro Luigi; Cirelli Antonio; Barbieri Carlo"</subfield>
  </datafield>
  <datafield tag="520" ind1=" " ind2=" ">
    <subfield code="a">UN PRETE MISSIONARIO GIUNGE A NAPOLI DOVE DEVE IMBARCARSI PER L'AFRICA ALL'USCIRE DALLA STAZIONE VIENE DERUBATO DELLA VALIGIA L'INSEGUIMENTO DEL LADRO LO PORTA A FARE UNA CORSA ATTRAVERSO I VICOLI DI NAPOLI TROVA ININE LA VALIGIA MA L'ESPERIENZA E' STATA DECISIVA NON E' PIU' IL CASO DI PENSARE ALL'AFRICA DON PIETRO RESTERA' A NAPOLI E SI CONSACRERA' ALLA REDENZIONE DEI RAGAZZI DI STRADA COSTRUISCE LA CITTA' DEI RAGAZZI DAPPRIMA I RAGAZZI NON SI PRESENTANO OPPURE SI PRESENTANO SOLTANTO PER EVITARE LE CONSEGUENZE DI UN FURTO LE DIFFICOLTA' MATERIALI SONO IMMENSE LA CASSETTA DELLE OFFERTE E' SEMPRE SEMIVUOTA UN GIORNO DON PIETRO VI TROVA SETTANTAMILA LIRE E CON QUESTE COMINCIA LA SUA GRANDE OPERA LE OFFERTE CONTINUANO A PIOVERE NUMEROSE MA DON PIETRO APPRENDE CHE QUEL DENARO DERIVA DALLA REFURTIVA NASCOSTA DEI RAGAZZI CHE IL MIGLIORE DEI SUOI BENEFICATI HA VENDUTO MAN MANO PER SOPPERIRE ALLE SPESE I RAGAZZI E DON PIETRO VENGONO ARRESTATI MA DAL MALE VIENE IL BENELA VICENDA RICHIAMA L'ATTENZIONE SULLA CITTA' DEI RAGAZZI E IL DERUBATO STRAPPA LA DENUNCIA DON PIETRO PUO' COSI' PROSEGUIRE LA SUA OPERA DI REDENZIONE</subfield>
  </datafield>
  <datafield tag="538" ind1=" " ind2=" ">
    <subfield code="a">PAL, STEREO</subfield>
  </datafield>
  <datafield tag="546" ind1=" " ind2=" ">
    <subfield code="a">ITALIANO</subfield>
  </datafield>
  <datafield tag="650" ind1=" " ind2=" ">
    <subfield code="a">COMMEDIA SOCIAL</subfield>
    <subfield code="e">FILMS [VHS]</subfield>
    <subfield code="x">Codice MATERIA SPICS: 9960</subfield>
    <subfield code="9">47609</subfield>
  </datafield>
  <datafield tag="700" ind1=" " ind2=" ">
    <subfield code="a">Cecchi D'Amico Suso </subfield>
    <subfield code="e">(soggetto)</subfield>
    <subfield code="g">Codice Soggetto SPICS: 7581</subfield>
    <subfield code="9">47610</subfield>
  </datafield>
  <datafield tag="700" ind1=" " ind2=" ">
    <subfield code="a">Comencini Luigi </subfield>
    <subfield code="e">(regista)</subfield>
    <subfield code="g">Codice regista SPICS: 7883</subfield>
    <subfield code="9">47611</subfield>
  </datafield>
  <datafield tag="700" ind1=" " ind2=" ">
    <subfield code="a">Comencini Luigi </subfield>
    <subfield code="e">(soggetto)</subfield>
    <subfield code="g">Codice Soggetto 2&#xB0; SPICS: 7883</subfield>
    <subfield code="9">47612</subfield>
  </datafield>
  <datafield tag="700" ind1=" " ind2=" ">
    <subfield code="a">Rota Nino</subfield>
    <subfield code="e">(musica)</subfield>
    <subfield code="g">Codice Musica SPICS: 11128</subfield>
    <subfield code="9">47613</subfield>
  </datafield>
  <datafield tag="942" ind1=" " ind2=" ">
    <subfield code="c">VH</subfield>
    <subfield code="2">ddc</subfield>
  </datafield>
  <datafield tag="999" ind1=" " ind2=" ">
    <subfield code="c">106574</subfield>
    <subfield code="d">106574</subfield>
  </datafield>
  <datafield tag="952" ind1=" " ind2=" ">
    <subfield code="0">0</subfield>
    <subfield code="1">0</subfield>
    <subfield code="4">0</subfield>
    <subfield code="6">26150_000000000000000</subfield>
    <subfield code="7">1</subfield>
    <subfield code="a">SPICS</subfield>
    <subfield code="b">SPICS</subfield>
    <subfield code="d">2015-01-31</subfield>
    <subfield code="l">0</subfield>
    <subfield code="o">26150</subfield>
    <subfield code="r">2015-01-31 00:00:00</subfield>
    <subfield code="w">2015-01-31</subfield>
    <subfield code="y">VH</subfield>
    <subfield code="z">Progr. Ins.: 1566 / N.Vol.:1 / Copie: 1 / Pag.: / Copia rara: NO / date import: 1.2.2015 / By Epidotti, Trombetti, Vaglietti</subfield>
  </datafield>
</record>
